Statistics for Top 10 Countries with the Most Goats

Click here to take the quiz!

General Stats

  • This quiz has been taken 1,293 times
  • The average score is 6 of 10

Answer Stats

# GoatsCountry% Correct
188 milChina
95%
133 milIndia
93%
66.6 milPakistan
81%
22.12 milIran
73%
55.9 milBangladesh
56%
29.11 milEthiopia
49%
22 milMongolia
49%
71 milNigeria
49%
31 milSudan
47%
25.43 milKenya
42%

Score Distribution

Percentile by Number Answered

Percent of People with Each Score

Your Score History

You have not taken this quiz